[Event "Championnat de France - Open A"]
[Site "Pau"]
[Date "2008.08.22"]
[Round "10.20"]
[White "Ralle, Pierre"]
[Black "Jouneau, Quentin"]
[Result "1-0"]
[WhiteElo "2113"]
[BlackElo "1978"]
[PlyCount "65"]

1. e4 Nf6 2. e5 Nd5 3. Bc4 Nb6 4. Bb3 c5 5. c3 d5 6. exd6 Qxd6 7. d4 cxd4 8.
Qxd4 Qxd4 9. cxd4 Nc6 10. Nf3 Bg4 11. Ne5 Nxe5 12. dxe5 Nd7 13. e6 Bxe6 14.
Bxe6 fxe6 15. Nc3 Ne5 16. Be3 Rc8 17. Ke2 g6 18. Bd4 Rg8 19. Rac1 Bh6 20. Be3
Bxe3 21. fxe3 Kf7 22. b4 Nd7 23. Ne4 h6 24. Rhf1+ Nf6 25. Rxc8 Rxc8 26. Rxf6+
Kg7 27. Rf2 b6 28. Kd3 a6 29. Rc2 Rd8+ 30. Ke2 Kf7 31. Rc6 Rb8 32. Nc3 a5 33.
b5 1-0

[Event "Championnat de France - Open A"]
[Site "Pau"]
[Date "2008.08.22"]
[Round "10.21"]
[White "Quenehen, Marc"]
[Black "Redon, Bruno"]
[Result "0-1"]
[WhiteElo "2084"]
[BlackElo "2164"]
[PlyCount "128"]

1. e4 e5 2. Nf3 f5 3. d4 fxe4 4. Nxe5 Nf6 5. Be2 d6 6. Ng4 Bxg4 7. Bxg4 d5 8.
Nc3 c6 9. Be3 Bd6 10. Bh5+ g6 11. Be2 O-O 12. h4 Kh8 13. h5 gxh5 14. Bxh5 Rg8
15. g4 Nxh5 16. Rxh5 Nd7 17. g5 Nf8 18. Qg4 Qd7 19. Qg2 Ng6 20. Ne2 Raf8 21.
O-O-O Rg7 22. Rdh1 b5 23. R1h3 a5 24. f3 exf3 25. Rxf3 Rxf3 26. Qxf3 Rf7 27.
Qg2 a4 28. Rh1 Qf5 29. Qh3 a3 30. bxa3 Bxa3+ 31. Kd2 Qxh3 32. Rxh3 Rf1 33. Ng3
Ra1 34. Nh5 Bb4+ 35. Kd3 Rxa2 36. Nf6 Nf4+ 37. Bxf4 Ra3+ 38. Ke2 Rxh3 39. Be5
Bf8 40. Nxd5+ Bg7 41. Nf4 Rh2+ 42. Kd3 Bxe5 43. dxe5 Kg7 44. e6 Kf8 45. g6 hxg6
46. Nxg6+ Ke8 47. Ne5 c5 48. c4 Rh3+ 49. Kd2 Rh5 50. Nd7 Ke7 51. cxb5 Kxe6 52.
Nb6 Rh3 53. Kc2 Kd6 54. Kb2 Ke5 55. Nd7+ Kd5 56. b6 Rh4 57. Kc3 Rb4 58. Nf6+
Kc6 59. b7 Rxb7 60. Ne4 Rb4 61. Nd2 Kd5 62. Nf1 Re4 63. Nd2 Re3+ 64. Kc2 Re2
0-1

[Event "Championnat de France - Open A"]
[Site "Pau"]
[Date "2008.08.22"]
[Round "10.22"]
[White "Carre, Sylvain"]
[Black "Jactel, Nicolas"]
[Result "1-0"]
[WhiteElo "2044"]
[BlackElo "2141"]
[PlyCount "53"]

1. c4 Nf6 2. g3 g6 3. Bg2 d5 4. cxd5 Nxd5 5. Nc3 Nxc3 6. bxc3 Bg7 7. Nf3 O-O 8.
O-O c5 9. d4 Nc6 10. e3 cxd4 11. cxd4 Bf5 12. Nh4 Be6 13. Rb1 Bxa2 14. Rxb7 Bd5
15. Bxd5 Qxd5 16. Qf3 Qd6 17. Ba3 Qxa3 18. Qxc6 Rfc8 19. Qd7 Bf6 20. Nf3 a5 21.
Nd2 Qd3 22. Nb3 a4 23. Nc5 Qc2 24. Ra7 Rxa7 25. Qxc8+ Kg7 26. Ne6+ fxe6 27.
Qxc2 1-0

[Event "Championnat de France - Open A"]
[Site "Pau"]
[Date "2008.08.22"]
[Round "10.23"]
[White "Jeanjean, Dominique"]
[Black "Smith, Matthieu"]
[Result "1-0"]
[WhiteElo "2140"]
[BlackElo "2064"]
[PlyCount "65"]

1. e4 c5 2. Nf3 Nc6 3. d4 cxd4 4. Nxd4 Nf6 5. Nc3 e5 6. Ndb5 d6 7. Bg5 a6 8.
Bxf6 gxf6 9. Na3 b5 10. Nd5 f5 11. c3 fxe4 12. Bxb5 axb5 13. Nxb5 Be6 14. Nbc7+
Kd7 15. Nxa8 Bxd5 16. Qxd5 Qxa8 17. O-O f5 18. Rfd1 Be7 19. b4 Qg8 20. Qb5 Qb8
21. Qe2 h5 22. a4 h4 23. h3 Rg8 24. a5 Nd8 25. a6 Ne6 26. a7 Qb7 27. Qa2 Ra8
28. Qa4+ Qc6 29. Qa2 e3 30. fxe3 Qxc3 31. Qe2 Qc7 32. Qb5+ Qc6 33. Qxe5 1-0

[Event "Championnat de France - Open A"]
[Site "Pau"]
[Date "2008.08.22"]
[Round "10.24"]
[White "Le Hetet, Nicolas"]
[Black "Bourdeaud'Huy, Thomas"]
[Result "1/2-1/2"]
[WhiteElo "2123"]
[BlackElo "2052"]
[PlyCount "82"]

1. e4 g6 2. d4 Bg7 3. Nc3 d6 4. f4 c6 5. Nf3 d5 6. h3 dxe4 7. Nxe4 Na6 8. Bc4
Nc7 9. O-O Nf6 10. Ng3 Ncd5 11. c3 Bf5 12. Nxf5 gxf5 13. Bd3 e6 14. Qe2 Nh5 15.
Qe1 Qe7 16. Ne5 Bf6 17. Bd2 Bh4 18. Qd1 Ng3 19. Rf3 Rg8 20. Qa4 Qc7 21. c4 Nb6
22. Qb3 Ne4 23. Bxe4 fxe4 24. Rff1 f6 25. c5 Nd5 26. Nc4 O-O-O 27. Ba5 Qg7 28.
Qc2 Rd7 29. Qxe4 f5 30. Qc2 Qxd4+ 31. Kh1 Rdg7 32. Nd6+ Kb8 33. Rad1 Ne3 34.
Rxd4 Nxc2 35. Rd2 Ne3 36. Rg1 Nd5 37. Bc3 Nxc3 38. bxc3 Bf6 39. Re2 Bxc3 40.
Rxe6 Rf8 41. Rd1 Rd7 1/2-1/2

[Event "Championnat de France - Open A"]
[Site "Pau"]
[Date "2008.08.22"]
[Round "10.25"]
[White "Garrel, Alain"]
[Black "Marchadour, Claire"]
[Result "1/2-1/2"]
[WhiteElo "2107"]
[BlackElo "2060"]
[PlyCount "111"]

1. d4 d5 2. Nf3 e6 3. Bg5 Nf6 4. e3 Be7 5. Nbd2 Nbd7 6. Bd3 h6 7. Bh4 c5 8. c3
b6 9. Bb5 Qc7 10. Ne5 O-O 11. f4 Nxe5 12. fxe5 Nh7 13. Bxe7 Qxe7 14. O-O a5 15.
Qe2 Qa7 16. Rad1 Ba6 17. e4 Bxb5 18. Qxb5 cxd4 19. cxd4 Rfd8 20. h4 Rab8 21.
Qe2 b5 22. Qf2 Rbc8 23. exd5 Rxd5 24. Ne4 Rf8 25. Nc3 Rd7 26. Nxb5 Qb7 27. Nd6
Qd5 28. b3 f6 29. Qf3 Qxf3 30. Rxf3 Rfd8 31. Rc1 h5 32. Rc5 a4 33. b4 Nf8 34.
b5 fxe5 35. dxe5 Ng6 36. Ra3 Nxh4 37. Rxa4 Ng6 38. Re4 Ra7 39. a4 Nxe5 40.
Rcxe5 Rxd6 41. Rxh5 Kf7 42. Rb4 Rb6 43. Kf2 Kf6 44. Ke3 g6 45. Rc5 Ke7 46. Ke4
Kf6 47. Rc2 Ke7 48. Ra2 Rab7 49. Ke5 Rb8 50. Rh4 Rxb5+ 51. axb5 Rxb5+ 52. Kf4
g5+ 53. Kg4 gxh4 54. Kxh4 Kd6 55. g4 Re5 56. Rf2 1/2-1/2

[Event "Championnat de France - Open A"]
[Site "Pau"]
[Date "2008.08.22"]
[Round "10.26"]
[White "Vuillermoz, Robert"]
[Black "Fevre, Mathieu"]
[Result "1-0"]
[WhiteElo "2105"]
[BlackElo "2032"]
[PlyCount "87"]

1. e4 c5 2. c3 Nf6 3. e5 Nd5 4. Bc4 Nb6 5. Bb3 c4 6. Bc2 d6 7. exd6 Qxd6 8. d4
cxd3 9. Qxd3 Qxd3 10. Bxd3 Nc6 11. Na3 Bd7 12. Nb5 Rc8 13. Be3 Ne5 14. Be2 Nbc4
15. Nxa7 Nxe3 16. fxe3 Rc5 17. a4 g6 18. Bb5 Bh6 19. O-O-O Bxb5 20. Nxb5 Ng4
21. Nh3 Nxe3 22. Rd3 Nxg2+ 23. Kb1 O-O 24. Rd7 e5 25. Nf2 f5 26. Nd3 Rc4 27.
Rg1 Nh4 28. Nxe5 Rxa4 29. Rxb7 f4 30. Nd7 Raa8 31. Nc7 Rad8 32. Nxf8 Rxf8 33.
Ne6 Rf6 34. Rb8+ Kf7 35. Nd4 f3 36. Rb7+ Kg8 37. Rf1 f2 38. Re7 Ng2 39. Re2 Be3
40. Kc2 Ne1+ 41. Kb3 Ng2 42. Kc4 g5 43. Kd3 Bxd4 44. Kxd4 1-0

[Event "Championnat de France - Open A"]
[Site "Pau"]
[Date "2008.08.22"]
[Round "10.27"]
[White "Le Bail, Clara"]
[Black "Lachique, Francois"]
[Result "1/2-1/2"]
[WhiteElo "2035"]
[BlackElo "2104"]
[PlyCount "137"]

1. e4 e5 2. Nf3 Nc6 3. Bb5 a6 4. Bxc6 dxc6 5. O-O Bg4 6. h3 h5 7. d3 Qf6 8.
Nbd2 Ne7 9. Nc4 Bxf3 10. Qxf3 Qxf3 11. gxf3 Ng6 12. Be3 c5 13. Rfd1 f6 14. Kf1
Be7 15. Ke2 Kf7 16. c3 Rad8 17. a3 Nf8 18. b4 Ne6 19. Na5 b6 20. Nb3 Rd7 21. d4
cxd4 22. cxd4 exd4 23. Nxd4 Rhd8 24. Nf5 Rxd1 25. Rxd1 Rxd1 26. Kxd1 Bf8 27.
Kc2 c5 28. Kc3 b5 29. bxc5 Nxc5 30. Nd4 Nd7 31. Kb3 Ne5 32. f4 Nc4 33. Nc2 Be7
34. a4 Nxe3 35. fxe3 g5 36. axb5 axb5 37. Nd4 b4 38. Nf5 Bf8 39. Kc4 g4 40.
hxg4 hxg4 41. Ng3 Ke6 42. Nf5 Bd6 43. Ng7+ Kd7 44. Nf5 Ke6 45. Ng7+ Ke7 46.
Nf5+ Kd7 47. Kb3 Kc6 48. Nd4+ Kb6 49. Nf5 Bf8 50. Kc4 Ka5 51. Kb3 Kb5 52. Nd4+
Kb6 53. Nf5 Ka5 54. e5 fxe5 55. fxe5 Kb5 56. e6 Kc5 57. e4 Be7 58. e5 Bf8 59.
Kb2 Kb5 60. Kb3 Ka5 61. e7 Bxe7 62. Nxe7 g3 63. Nc6+ Kb6 64. Nd4 g2 65. Nf3 Kc5
66. e6 Kd6 67. Kxb4 Kxe6 68. Kc4 Kf6 69. Kd4 1/2-1/2

[Event "Championnat de France - Open A"]
[Site "Pau"]
[Date "2008.08.22"]
[Round "10.28"]
[White "Loiseau, Quentin"]
[Black "Frih, Ameur"]
[Result "1-0"]
[WhiteElo "2028"]
[BlackElo "2103"]
[PlyCount "49"]

1. Nf3 Nf6 2. c4 c6 3. d4 d5 4. e3 e6 5. Bd3 dxc4 6. Bxc4 b5 7. Bd3 a6 8. a4
Bb7 9. O-O Nbd7 10. e4 Qb6 11. Nc3 b4 12. e5 bxc3 13. exf6 cxb2 14. fxg7 Bxg7
15. Bxb2 c5 16. Rb1 Qc7 17. d5 Bxb2 18. dxe6 Ne5 19. exf7+ Qxf7 20. Nxe5 Bxe5
21. Qe2 Qf4 22. Qh5+ Kf8 23. Rxb7 Rd8 24. g3 Qf6 25. Bc4 1-0

[Event "Championnat de France - Open A"]
[Site "Pau"]
[Date "2008.08.22"]
[Round "10.29"]
[White "Lamberti, Hugo"]
[Black "Martinet, Regis"]
[Result "1-0"]
[WhiteElo "2101"]
[BlackElo "2049"]
[PlyCount "95"]

1. e4 c5 2. Nf3 Nc6 3. d4 cxd4 4. Nxd4 Nf6 5. Nc3 e5 6. Ndb5 d6 7. Bg5 a6 8.
Na3 b5 9. Nd5 Be7 10. Bxf6 Bxf6 11. c3 Bg5 12. h4 Bh6 13. Nc2 O-O 14. g4 Bf4
15. Qf3 Be6 16. Nxf4 exf4 17. Qxf4 Ne5 18. f3 Bc4 19. Nd4 Qb6 20. Nf5 Rae8 21.
O-O-O Bxf1 22. Rhxf1 f6 23. Kb1 Rd8 24. Rd4 a5 25. Rfd1 b4 26. c4 b3 27. a3 Qc5
28. Ne3 Rc8 29. Qg3 Nc6 30. R4d3 Ne5 31. Rc3 a4 32. f4 Nc6 33. Rd5 Qa7 34. Nf5
Na5 35. Nxd6 Rc6 36. c5 Qa6 37. Qd3 Qa7 38. h5 Qb8 39. Qb5 Qc7 40. Qxa4 Rb8 41.
g5 fxg5 42. Rxg5 Rd8 43. h6 g6 44. Qd4 Nb7 45. Qd5+ Kf8 46. Rf5+ gxf5 47. Qxf5+
Qf7 48. Qxf7# 1-0

[Event "Championnat de France - Open A"]
[Site "Pau"]
[Date "2008.08.22"]
[Round "10.30"]
[White "Menneveux, Jerome"]
[Black "Koch, Alain"]
[Result "1-0"]
[WhiteElo "2027"]
[BlackElo "2090"]
[PlyCount "63"]

1. e4 e5 2. Nf3 Nc6 3. d4 exd4 4. Bc4 Bb4+ 5. c3 dxc3 6. O-O h6 7. a3 cxb2 8.
Bxb2 Bf8 9. Nc3 d6 10. Re1 Be6 11. Nd5 Qd7 12. Rc1 a6 13. Nd4 Kd8 14. Nxe6+
fxe6 15. Nf4 e5 16. Ng6 Nf6 17. Nxh8 Qe8 18. Bf7 Qe7 19. Qb3 Na5 20. Qa2 Nd7
21. Ng6 Qf6 22. Re3 Nc6 23. Rf3 Qg5 24. Qe6 Na7 25. Nxf8 Nxf8 26. Qc4 Nc6 27.
Bd5 Nd7 28. Bxc6 Nf6 29. Bxb7 Ne8 30. Bxa8 Qd2 31. Rf8 Qa5 32. Qc6 1-0

[Event "Championnat de France - Open A"]
[Site "Pau"]
[Date "2008.08.22"]
[Round "10.31"]
[White "Carrasco, Patrick"]
[Black "Laurent, Maxime"]
[Result "0-1"]
[WhiteElo "2087"]
[BlackElo "2033"]
[PlyCount "50"]

1. e4 e6 2. d4 d5 3. Nd2 Nf6 4. e5 Nfd7 5. c3 c5 6. Bd3 Nc6 7. Ne2 cxd4 8. cxd4
f6 9. exf6 Nxf6 10. Nf3 Bd6 11. O-O Qc7 12. Bg5 O-O 13. Rc1 Bd7 14. Bh4 Nh5 15.
Nc3 Bf4 16. Rc2 Qb8 17. a3 Bh6 18. Re1 Nf4 19. Bg3 Qd8 20. Bf1 Be8 21. Bxf4
Bxf4 22. Rxe6 Bg6 23. Bd3 Bh5 24. Nxd5 Bxf3 25. gxf3 Qxd5 0-1

[Event "Championnat de France - Open A"]
[Site "Pau"]
[Date "2008.08.22"]
[Round "10.32"]
[White "Castro, John"]
[Black "Poignot, Quentin"]
[Result "0-1"]
[WhiteElo "2014"]
[BlackElo "2087"]
[PlyCount "110"]

1. e4 c5 2. Nf3 d6 3. d4 cxd4 4. Nxd4 Nf6 5. Nc3 g6 6. Be3 Bg7 7. Bc4 O-O 8. h3
Nc6 9. O-O Nxe4 10. Nxe4 d5 11. Nxc6 bxc6 12. Bb3 dxe4 13. Qxd8 Rxd8 14. c3 Ba6
15. Rfd1 Bd3 16. Rd2 a5 17. Rad1 Rdb8 18. Ba4 Bb5 19. Bc2 f5 20. Bb3+ Kf8 21.
Bf4 Re8 22. Rd7 Bd3 23. f3 a4 24. Be6 a3 25. b3 Be2 26. R1d2 exf3 27. gxf3 Bxf3
28. c4 Be4 29. Kf2 Bc3 30. Bh6+ Bg7 31. Bf4 c5 32. Bd5 Bxd5 33. R2xd5 Bd4+ 34.
Be3 Bxe3+ 35. Kxe3 Kf7 36. Rxc5 Kf6 37. h4 h6 38. Rc6+ e6 39. Rcc7 Rf8 40. Rh7
Rh8 41. Rhf7+ Ke5 42. Rc5+ Kd6 43. Rcc7 Rhc8 44. Rxc8 Rxc8 45. Rg7 g5 46. hxg5
hxg5 47. Rxg5 Rh8 48. Rg2 Rh1 49. Kd4 e5+ 50. Ke3 Kc5 51. Rg5 Rh3+ 52. Kd2 Rf3
53. Ke2 e4 54. Rg2 Kd4 55. Kd2 f4 0-1

[Event "Championnat de France - Open A"]
[Site "Pau"]
[Date "2008.08.22"]
[Round "10.33"]
[White "Galby, Vassili"]
[Black "Gras, Delphine"]
[Result "1-0"]
[WhiteElo "2086"]
[BlackElo "1993"]
[PlyCount "65"]

1. Nf3 d5 2. d4 Nf6 3. c4 e6 4. Nc3 Be7 5. Bg5 h6 6. Bh4 O-O 7. e3 b6 8. Be2
Bb7 9. Bxf6 Bxf6 10. cxd5 exd5 11. O-O c5 12. dxc5 bxc5 13. Qb3 Ba6 14. Bxa6
Nxa6 15. Rfd1 Rb8 16. Qa3 Bxc3 17. bxc3 Rb6 18. c4 Rd6 19. cxd5 Nb4 20. Qxa7
Rxd5 21. Rxd5 Qxd5 22. Rc1 Rd8 23. h3 Nd3 24. Rd1 Ra8 25. Rxd3 Qe4 26. Qd7 Rxa2
27. Qd8+ Kh7 28. Qd5 Qxd5 29. Rxd5 Ra1+ 30. Kh2 c4 31. Rd2 Rc1 32. Nd4 c3 33.
Rc2 1-0

[Event "Championnat de France - Open A"]
[Site "Pau"]
[Date "2008.08.22"]
[Round "10.34"]
[White "Durandeau, Jean-Marie"]
[Black "Donskoi, Karel"]
[Result "1-0"]
[WhiteElo "1956"]
[BlackElo "2084"]
[PlyCount "71"]

1. e4 e6 2. d4 d5 3. Nc3 dxe4 4. Nxe4 Nf6 5. Bg5 Be7 6. Bxf6 gxf6 7. Nf3 f5 8.
Ned2 a6 9. Nc4 c5 10. Nfe5 Rf8 11. dxc5 Bxc5 12. Qxd8+ Kxd8 13. a4 Kc7 14. a5
Nd7 15. Nd3 Ba7 16. Ra3 b5 17. axb6+ Nxb6 18. Nxb6 Bxb6 19. Nb4 Bc5 20. Rc3 Kd6
21. Rd3+ Ke7 22. Nc6+ Kf6 23. b4 Bb7 24. Rc3 Rfc8 25. Rxc5 Rxc6 26. Rxc6 Bxc6
27. f3 Ke5 28. Bd3 Kd4 29. Kd2 Bb5 30. c3+ Ke5 31. c4 Bc6 32. Ra1 Kd4 33. c5
Bb7 34. Rc1 Kd5 35. g4 fxg4 36. Be4+ 1-0

[Event "Championnat de France - Open A"]
[Site "Pau"]
[Date "2008.08.22"]
[Round "10.35"]
[White "Kieffer, Christian"]
[Black "Robert, Bastien"]
[Result "1-0"]
[WhiteElo "2148"]
[BlackElo "2018"]
[PlyCount "69"]

1. e4 c5 2. Nf3 d6 3. d4 cxd4 4. Nxd4 Nf6 5. Nc3 a6 6. Bc4 Nbd7 7. Bb3 Nc5 8.
Qe2 e6 9. Bg5 Be7 10. f4 O-O 11. O-O-O Qc7 12. e5 dxe5 13. fxe5 Nxb3+ 14. axb3
Nd5 15. Bxe7 Nxc3 16. bxc3 Qxe7 17. Kb2 b5 18. h4 Bb7 19. Rh3 Rac8 20. h5 Rfd8
21. Qg4 b4 22. cxb4 Qc7 23. h6 g6 24. Qg5 Rd5 25. Rhd3 f5 26. c4 Rxe5 27. Nc6
Re2+ 28. Ka3 Bxc6 29. Rd8+ Kf7 30. Rxc8 Qxc8 31. Rd8 Qb7 32. Rh8 Rxg2 33. Qd8
g5 34. Rxh7+ Kg6 35. Qg8+ 1-0

[Event "Championnat de France - Open A"]
[Site "Pau"]
[Date "2008.08.22"]
[Round "10.36"]
[White "Allorant, Adrien"]
[Black "Rodier, David"]
[Result "1/2-1/2"]
[WhiteElo "2011"]
[BlackElo "2162"]
[PlyCount "74"]

1. Nf3 b6 2. d4 Bb7 3. c4 e6 4. g3 Bb4+ 5. Bd2 a5 6. Bg2 Nf6 7. O-O Bxd2 8.
Qxd2 O-O 9. Nc3 Ne4 10. Qc2 Nxc3 11. Qxc3 Qe7 12. Ne5 Bxg2 13. Kxg2 Ra7 14. e4
d6 15. Nd3 c5 16. d5 Na6 17. a4 Nb4 18. Rae1 Qe8 19. b3 Re7 20. dxe6 Rxe6 21.
Nxb4 axb4 22. Qd3 f5 23. Qd5 Kh8 24. f3 h6 25. h4 Qe7 26. Rh1 Re5 27. Qd3 Re8
28. Rhf1 fxe4 29. fxe4 Rxe4 30. Rxe4 Qxe4+ 31. Qxe4 Rxe4 32. Rf8+ Kh7 33. Kf2
Rd4 34. Ke2 Rg4 35. Kf3 Rd4 36. Ke2 Re4+ 37. Kf2 Rd4 1/2-1/2

[Event "Championnat de France - Open A"]
[Site "Pau"]
[Date "2008.08.22"]
[Round "10.37"]
[White "Nguyen-Huu, Hoang"]
[Black "Venner, Laurent"]
[Result "1-0"]
[WhiteElo "2129"]
[BlackElo "2029"]
[PlyCount "99"]

1. c3 d5 2. Qc2 Nf6 3. d3 e5 4. e4 c5 5. Nf3 Nc6 6. Be2 Be7 7. O-O O-O 8. Re1
h6 9. Nbd2 Re8 10. a3 a5 11. b3 d4 12. c4 a4 13. Rb1 Bf8 14. Bd1 axb3 15. Nxb3
Nd7 16. Ra1 Bd6 17. h3 Nf8 18. Nh2 Ng6 19. Bg4 Nf4 20. Bxc8 Qxc8 21. Qd1 Re6
22. Bxf4 exf4 23. Nf3 Ne5 24. Nxe5 Bxe5 25. Nd2 Rg6 26. Kf1 Rga6 27. Nf3 f6 28.
Qb3 b6 29. Reb1 Bc7 30. Ra2 Qe8 31. Rba1 g5 32. a4 Kg7 33. Nd2 h5 34. Qb5 Qe6
35. f3 g4 36. hxg4 hxg4 37. a5 gxf3 38. Nxf3 Qd6 39. Nh4 Kf8 40. Nf5 Qe5 41.
Qd7 Rxa5 42. Rxa5 Rxa5 43. Rb1 Ra7 44. Rd1 Ra2 45. Re1 Rd2 46. Ra1 Rxg2 47.
Ra8+ Bb8 48. Rxb8+ Qxb8 49. Kxg2 Qe5 50. Qd8+ 1-0

[Event "Championnat de France - Open A"]
[Site "Pau"]
[Date "2008.08.22"]
[Round "10.38"]
[White "Blachon, Pascal"]
[Black "Ruch, Bernard"]
[Result "1/2-1/2"]
[WhiteElo "2118"]
[BlackElo "2022"]
[PlyCount "81"]

1. d4 d5 2. c4 c6 3. Nf3 e6 4. Nc3 Nf6 5. g3 Bd6 6. Bg2 O-O 7. O-O Nbd7 8. Nd2
Bc7 9. e4 dxe4 10. Ndxe4 Rb8 11. b3 Re8 12. Qc2 h6 13. Rd1 Nxe4 14. Nxe4 Nf6
15. Nxf6+ Qxf6 16. Be3 a6 17. Rac1 Bd7 18. d5 exd5 19. cxd5 Be5 20. dxc6 Bxc6
21. Bxc6 Rec8 22. f4 Bb2 23. Rb1 Ba3 24. b4 Rxc6 25. Qa4 Bb2 26. Qb3 Bc3 27.
Rbc1 Rbc8 28. Bc5 b6 29. Qxc3 Qxc3 30. Rxc3 bxc5 31. Rdc1 c4 32. Kf2 f6 33. f5
Kf7 34. Rd1 R8c7 35. Rd4 a5 36. bxa5 Rc5 37. g4 Rxa5 38. a3 Rac5 39. a4 g6 40.
fxg6+ Kxg6 41. h4 1/2-1/2

[Event "Championnat de France - Open A"]
[Site "Pau"]
[Date "2008.08.22"]
[Round "10.39"]
[White "Lamard, Guillaume"]
[Black "Velten, Paul"]
[Result "1-0"]
[WhiteElo "2001"]
[BlackElo "2112"]
[PlyCount "97"]

1. d4 d5 2. c4 e6 3. Nf3 Nf6 4. g3 b6 5. Bg2 Bb7 6. O-O Nbd7 7. Nc3 Bd6 8. cxd5
Nxd5 9. Re1 Nxc3 10. bxc3 O-O 11. Qc2 Bxf3 12. Bxf3 Rc8 13. Qa4 a5 14. e4 c6
15. Be3 b5 16. Qd1 Nb6 17. Be2 f5 18. Qb3 Kh8 19. Qxe6 a4 20. exf5 Re8 21. Qf7
Nd5 22. Bd2 Nf6 23. Bg5 Re7 24. Bxf6 Rxf7 25. Bxd8 Rxd8 26. Bf3 c5 27. dxc5
Bxc5 28. Re5 Rc7 29. Rae1 h6 30. Bh5 Rcc8 31. Re8+ Rxe8 32. Rxe8+ Rxe8 33. Bxe8
Kg8 34. Bxb5 a3 35. Kg2 Kf7 36. f4 Kf6 37. g4 h5 38. h3 hxg4 39. hxg4 Ke7 40.
Kf3 Kd6 41. Ke4 Bb6 42. Ba4 Ba5 43. c4 Bd2 44. g5 Bc3 45. Bb3 Bb2 46. f6 gxf6
47. g6 Ke7 48. f5 Be5 49. c5 1-0

[Event "Championnat de France - Open A"]
[Site "Pau"]
[Date "2008.08.22"]
[Round "10.40"]
[White "Fejzovski, Ekrem"]
[Black "Beaucoudray, Marc"]
[Result "0-1"]
[WhiteElo "2093"]
[BlackElo "2010"]
[PlyCount "88"]

1. e4 e5 2. Nf3 Nc6 3. Bb5 a6 4. Ba4 d6 5. O-O Nf6 6. Re1 Be7 7. h3 O-O 8. c3
b5 9. Bc2 Bb7 10. d3 Nb8 11. Nbd2 Nbd7 12. Nf1 Re8 13. Ng3 Nf8 14. d4 exd4 15.
cxd4 Ng6 16. Bd2 c5 17. Ng5 h6 18. Nxf7 Kxf7 19. e5 dxe5 20. dxe5 Qd5 21. Qf3
Qxd2 22. Bxg6+ Kxg6 23. Qxb7 Qd5 24. Qb6 Reb8 25. Qa5 Ng8 26. Rad1 Qe6 27. f4
Kh7 28. f5 Qc6 29. Qc3 Rd8 30. Qc2 Bh4 31. f6+ g6 32. Re3 Qc7 33. Rxd8 Rxd8 34.
Ne2 Bg5 35. Re4 Rd2 36. Qc3 Rd1+ 37. Kf2 Qc8 38. Qf3 Qf8 39. h4 Bxf6 40. exf6
Qxf6 41. Rf4 Qxb2 42. Qb7+ Kh8 43. Rf7 Nf6 44. Qe7 Ng4+ 0-1

[Event "Championnat de France - Open A"]
[Site "Pau"]
[Date "2008.08.22"]
[Round "10.41"]
[White "Normand, Vincent"]
[Black "Csomos, Romain"]
[Result "1-0"]
[WhiteElo "2090"]
[BlackElo "2011"]
[PlyCount "109"]

1. e4 e6 2. Qe2 b6 3. Nf3 Bb7 4. g3 c5 5. Bg2 Nc6 6. O-O d6 7. a4 g6 8. c3 Bg7
9. Na3 Nge7 10. d3 Qd7 11. Nd2 O-O 12. f4 e5 13. f5 f6 14. Ndc4 Rad8 15. Ne3
Na5 16. Qc2 g5 17. b4 Nac6 18. b5 Na5 19. c4 Ba8 20. Bd2 Nb7 21. Qc3 Rb8 22.
Nac2 Rfc8 23. Ra3 Bf8 24. h4 h6 25. hxg5 hxg5 26. Bf3 Bg7 27. Bh5 Nd8 28. Rb3
Kf8 29. Qa1 Bb7 30. a5 Rc7 31. Ra3 Bc8 32. Qc3 Nf7 33. Rfa1 Qd8 34. R1a2 Nh6
35. Qa1 Bb7 36. Ra4 Nhg8 37. Na3 Rd7 38. Nb1 Rc7 39. Nc3 Nh6 40. g4 Nhg8 41.
Kf2 Bc8 42. Ne2 Bd7 43. axb6 axb6 44. Ra8 Rcc8 45. R8a7 Rc7 46. Nc3 Nc8 47.
Rxc7 Qxc7 48. Ned5 Qb7 49. Kg3 Bh6 50. Ra6 Bg7 51. Na4 Nge7 52. Naxb6 Nxd5 53.
Nxd5 Kg8 54. Qa5 Kf8 55. Qd8+ 1-0

[Event "Championnat de France - Open A"]
[Site "Pau"]
[Date "2008.08.22"]
[Round "10.42"]
[White "Forgues, Valerie"]
[Black "Kharmoudi, Slimane"]
[Result "0-1"]
[WhiteElo "1999"]
[BlackElo "2087"]
[PlyCount "60"]

1. e4 c5 2. Nf3 d6 3. d4 cxd4 4. Nxd4 Nf6 5. Nc3 g6 6. Be2 Bg7 7. O-O O-O 8.
Be3 Nc6 9. Nb3 Be6 10. f4 Na5 11. f5 Bc4 12. Nxa5 Bxe2 13. Qxe2 Qxa5 14. Bd4
Nd7 15. Bxg7 Kxg7 16. Nd5 Rae8 17. Kh1 Nf6 18. Nc3 Qe5 19. Rae1 Rc8 20. Rf3 Rc5
21. Rg3 Rfc8 22. Qe3 b5 23. Kg1 b4 24. Na4 Rxc2 25. Qxa7 Nxe4 26. fxg6 hxg6 27.
Rg4 f5 28. Rh4 Qf6 29. Rh3 Qg5 30. g3 Rc1 0-1

[Event "Championnat de France - Open A"]
[Site "Pau"]
[Date "2008.08.22"]
[Round "10.43"]
[White "Dargagnon, Remi"]
[Black "Samoun, Florent"]
[Result "0-1"]
[WhiteElo "2079"]
[BlackElo "2006"]
[PlyCount "66"]

1. Nf3 d5 2. c4 e6 3. g3 Nf6 4. Bg2 Be7 5. O-O O-O 6. d4 c6 7. Nc3 Nbd7 8. cxd5
exd5 9. Qc2 Bd6 10. Nh4 Nb6 11. Rd1 Re8 12. a4 a5 13. Bg5 Be7 14. Nf3 Ne4 15.
Nxe4 dxe4 16. Bxe7 Qxe7 17. Ne5 e3 18. Qb3 exf2+ 19. Kxf2 Nd7 20. Nc4 Nf6 21.
Bf3 Be6 22. Qc2 Bxc4 23. Qxc4 Qe3+ 24. Kg2 Ne4 25. Ra3 Qf2+ 26. Kh3 Ng5+ 27.
Kg4 h6 28. Qc1 Re6 29. Rf1 f5+ 30. Kf4 Re4+ 31. Kxf5 Rf8+ 32. Kg6 Rf6+ 33. Kh5
Qxh2# 0-1

[Event "Championnat de France - Open A"]
[Site "Pau"]
[Date "2008.08.22"]
[Round "10.44"]
[White "Thon, Gabriel"]
[Black "Vignier, Pascal"]
[Result "1-0"]
[WhiteElo "1985"]
[BlackElo "2068"]
[PlyCount "91"]

1. e4 Nf6 2. e5 Nd5 3. d4 d6 4. c4 Nb6 5. exd6 cxd6 6. Nc3 g6 7. Be3 Bg7 8. Rc1
O-O 9. b3 e5 10. dxe5 dxe5 11. Qxd8 Rxd8 12. c5 N6d7 13. Bc4 Nc6 14. Nf3 Nd4
15. Ng5 Rf8 16. Nce4 Nf5 17. Rd1 h6 18. Nxf7 Rxf7 19. g4 Nxe3 20. fxe3 Kf8 21.
Bxf7 Kxf7 22. Nd6+ Ke7 23. Rf1 Nf6 24. h3 Rb8 25. Nc4 Ne8 26. e4 Be6 27. Na5
Bd7 28. Rf3 Nf6 29. b4 Be8 30. Re3 b6 31. Nc4 bxc5 32. bxc5 Rb5 33. Nxe5 Rxc5
34. Nd3 Ra5 35. Nf4 g5 36. e5 Ng8 37. Nd5+ Kf7 38. Nc7 Rxe5 39. Rxe5 Bxe5 40.
Nxe8 Kxe8 41. Rd5 Bc7 42. Rb5 Bb6 43. a4 Ne7 44. a5 Bd8 45. a6 Bb6 46. Rxb6 1-0

[Event "Championnat de France - Open A"]
[Site "Pau"]
[Date "2008.08.22"]
[Round "10.45"]
[White "Iwanesko, Alexandre"]
[Black "Brunier, Jules"]
[Result "1/2-1/2"]
[WhiteElo "2062"]
[BlackElo "1937"]
[PlyCount "157"]

1. c4 e5 2. Nc3 Nc6 3. g3 g6 4. Bg2 Bg7 5. d3 d6 6. Rb1 f5 7. e3 Nf6 8. Nge2
O-O 9. O-O Be6 10. b3 h6 11. Bb2 g5 12. d4 exd4 13. Nxd4 Nxd4 14. exd4 Rb8 15.
Re1 Bf7 16. d5 Qd7 17. Nb5 a6 18. Nd4 Rfe8 19. Qf3 Bg6 20. Ne6 Bh8 21. Qc3 Qh7
22. Rbc1 Rbc8 23. Qb4 b6 24. Ba1 Ng4 25. Bxh8 Qxh8 26. Qd2 Qf6 27. Re2 Ne5 28.
f4 gxf4 29. gxf4 Nd7 30. Rce1 Bf7 31. Re3 Nc5 32. Nxc5 dxc5 33. Re5 Kh8 34. Bh3
Rg8+ 35. Kh1 Bh5 36. Qf2 Bg4 37. Bxg4 Rxg4 38. Re6 Qg7 39. Re7 Qf6 40. R7e6 Qg7
41. h3 Rg6 42. Rg1 Rxg1+ 43. Qxg1 Qxg1+ 44. Kxg1 Kg7 45. Kf2 Rf8 46. Kg3 Rf6
47. Re7+ Rf7 48. Re2 Rf6 49. Kh4 Kf7 50. Kh5 c6 51. Re5 cxd5 52. cxd5 Kf8 53.
a4 Kf7 54. h4 Kf8 55. a5 bxa5 56. d6 Rxd6 57. Rxf5+ Kg7 58. Rxc5 Rd4 59. Rc7+
Kf6 60. Rc6+ Kg7 61. Kg4 a4 62. Rxa6 axb3 63. Rb6 Rd3 64. Kf5 Rd5+ 65. Ke4 Rh5
66. Rxb3 Rxh4 67. Ke5 Rh1 68. Rb7+ Kg6 69. f5+ Kg5 70. Rg7+ Kh5 71. f6 Re1+ 72.
Kd6 Rd1+ 73. Ke7 Re1+ 74. Kd8 Rd1+ 75. Ke8 Ra1 76. Rd7 Kg6 77. f7 Ra8+ 78. Ke7
Kg7 79. Ke6 1/2-1/2

[Event "Championnat de France - Open A"]
[Site "Pau"]
[Date "2008.08.22"]
[Round "10.46"]
[White "Daspres, Loic"]
[Black "Neri, Jean-Baptiste"]
[Result "1-0"]
[WhiteElo "2060"]
[BlackElo "1928"]
[PlyCount "71"]

1. e4 c5 2. Nc3 a6 3. g3 b5 4. Bg2 Bb7 5. d3 e6 6. Nf3 Nf6 7. O-O d5 8. e5 Ng8
9. Ne2 Nd7 10. c3 g6 11. d4 h5 12. Qc2 Qc7 13. Nf4 Ne7 14. Bh3 Nf5 15. Bxf5
gxf5 16. Ng5 Ke7 17. Qe2 h4 18. g4 Bh6 19. Nh5 Rag8 20. f4 fxg4 21. Qxg4 Bxg5
22. fxg5 cxd4 23. cxd4 Qc2 24. Qf4 Qg6 25. Nf6 Nxf6 26. Qxf6+ Qxf6 27. exf6+
Kd7 28. Bf4 Bc6 29. b4 Rh7 30. Kf2 Rc8 31. Rac1 Rhh8 32. Kf3 Ke8 33. Rc3 Kd7
34. Rfc1 Bb7 35. Rc7+ Kd8 36. Rxb7 1-0